Whatever happened to family planning and, for that matter, reproductive health? /
Gardado en:
| Autor Principal: | |
|---|---|
| Formato: | Texto |
| Materias: | |
| Etiquetas: |
Engadir etiqueta
Sen Etiquetas, Sexa o primeiro en etiquetar este rexistro!
|
MARC
| LEADER | 00000 a a2200000 04500 | ||
|---|---|---|---|
| 001 | 8763 | ||
| 003 | |||
| 040 | |||
| 100 | |a Gillespie, Duff G. | ||
| 245 | |a Whatever happened to family planning and, for that matter, reproductive health? / |c Duff G. Gillespie | ||
| 650 | |a PLANIFICACION FAMILIAR | ||
| 650 | |a SALUD REPRODUCTIVA | ||
| 650 | |a POBREZA | ||
| 650 | |a SALUD PUBLICA | ||
| 650 | |a AYUDA INTERNACIONAL | ||
| 773 | |g volumen 30, número 1; páginas 34-38 | ||
| 999 | |c 27970 |d 27970 | ||
| 773 | 0 | |0 43097 |9 9577 |a The Alan Gultmacher Institute |d New York: The Alan Guttmacher Institute, 1975- |o 22997 |t International Family Planning Perspectives/ |x 01622749 | |
